000
00224nam a2200097Ia 4500
008
240331s9999 xx 000 0 und d
082
_b
SOC
100
_a
Lorber, J. ed
245
4
_a
The social construction of gender
942
_c
L
999
_c
2195
_d
2195